| 000 | 00434nam a22001697a 4500 | ||
|---|---|---|---|
| 005 | 20251108173609.0 | ||
| 008 | 250721s1993 xx 000 0 eng d | ||
| 082 | 1 | 4 | _aJ/664.752/DAV |
| 100 | 1 | _adavis, vivienne | |
| 245 | 1 | 4 | _aThe World of Bread / |
| 264 | 1 |
_acairo : _belias hoopoe, _c1993. |
|
| 300 | _a31.P | ||
| 650 | 1 | 7 | _aBREADMAKING |
| 653 | _aناشاون صغار (10-14) سنه | ||
| 942 |
_2ddc _cBK |
||
| 999 |
_c107758 _d107758 |
||